000 00538nam a2200121Ia 4500
008 220620s9999||||xx |||||||||||||| ||und||
100 _aKochan, Jeff
245 0 _aScience as Social Existence: Heidegger and the Sociology of Scientific Knowledge
546 _aEnglish[eng]
650 _aScience and Technology Studies||existential conception of science||philosophy of science||sociology of scientific knowledge||Martin Heidegger||social science||history of science
856 _uhttps://www.openbookpublishers.com/reader/670
942 _cEB
999 _c25268
_d25268